Color TV Show by B&W Scene Quiz Stats

 Plays Quiz Updated Nov 20, 2015

Challenge
Share
Tweet
Score 0/15 Timer 05:00
1 Play Today
% Correct
The X-Files
87.2%
M*A*S*H
82.9%
NCIS
80.1%
The King of Queens
64.7%
Boy Meets World
60.1%
Glee
57.2%
Supernatural
53.8%
Smallville
50.8%
% Correct
Moonlighting
45%
Charmed
34.8%
Better Call Saul
30.6%
Monk
27.7%
Matlock
27.2%
Community
17.1%
Star Trek: Voyager
10%

You're not logged in!

Compare scores with friends on all Sporcle quizzes.
OR
Log In

You Might Also Like...

Show Comments

Extras

Top Quizzes Today


Score Distribution

Your Account Isn't Verified!

In order to create a playlist on Sporcle, you need to verify the email address you used during registration. Go to your Sporcle Settings to finish the process.

Report this User

Report this user for behavior that violates our Community Guidelines.

Details: